Código civil: leyes complementarias y modificatorias, guía indice alfabética por materias

Saved in:
Bibliografiske detaljer
Institution som forfatter: República Argentina (Author)
Format: Bog
Sprog:spansk
Udgivet: Buenos Aires Dipylon 1945
Fag:
Tags: Tilføj Tag
Ingen Tags, Vær først til at tagge denne postø!

MARC

LEADER 00000nam a2200000 a 4500
001 UCS2154
003 CL-VaPUC
008 970516e19450000AG |||||||||||||||||spa|d
082 0 4 |a 346.82  |b REP  |2 21 
110 2 |a República Argentina  |e author  |9 387246 
245 1 0 |a Código civil: leyes complementarias y modificatorias, guía indice alfabética por materias 
300 |a 445 p 
942 |c BK 
945 |d 19970516 00:00:00  |a lriquelm 
260 |a Buenos Aires  |b Dipylon  |c 1945 
650 0 |a Códigos  |9 352314 
650 0 |a Derecho civil  |9 255013 
650 7 |a PERSONA  |2 CL-VaPUC  |9 327934 
650 0 |a Obligaciones   |9 255578 
650 0 |a Contratos  |9 255153 
650 0 |a Derechos reales  |9 257708 
651 0 |a Argentina  |9 254888 
583 |a last modification  |c 19970516 00:00:00  |k Rodrigo Vera 
999 |c 260145  |d 260143 
952 |0 0  |1 0  |4 0  |6 346_820000000000000_REP_1945  |7 0  |8 A  |9 285788  |a BIBDER  |b BIBDER  |d 2019-11-19  |i 1856472  |o 346.82 REP 1945  |p 1856472  |r 2023-01-25  |w 2019-11-19  |y BK  |k DER